013830000a22003130004500003001100000008004100011040003900052041000800091082001300099100003500112245003200147260008100179300000900260650002400269650002300293650007400316650005000390650006700440650004600507650006800553650002500621650009000646650002900736650007300765650005800838650008700896650005800983650002801041LK-CoMWRAF230817t ||||| |||| 00| 0 eng d aLK-CoMWRAFdLK-CoMWRAFeLK-CoMWRAF aeng a441bHAS aHassija, B.K. Jagdish Chander  aValues for a Better Worldb bPrajapita Brahma Kumaris Ishwariya Vishwa-VidyalayaaIndia (Rajasthan)c1995 ap.32 aBetterment of Youth aDemands of Culture aOpinion of Business and Industry and Consumers and the General Public aOpinion of Jurists and Law-enforcing Agencies aRole of the Medias as seen by the Media persons and the People aThe opinion of the Social Service Leaders aThe suggestion of the Health Sxientists or Doctors and patients aTwelve Wonder Values aValues needed for a Better World and the Co-operation of all to Build a Better Future aVoice of Women and Girls aWhat do People say about bureaucrats and what do Administrators say? aWhat do the Educationists, Educators and Students say aWhat have the Worried Parents, the Police and the Educational Institutions to say? aWhat is said about Science, Scientists and Engineers? aWork of the Politicians